|
|
|
|
| LEADER |
02208nam a2200361 a 4500 |
| 001 |
4433971 |
| 008 |
100210r20031996maua 001 0 eng d |
| 010 |
|
|
|a \\\94030543
|
| 020 |
|
|
|a 0201531747
|
| 020 |
|
|
|a 8178081601
|
| 040 |
|
|
|a DLC
|c DLC
|d DLC
|d BD-DhAAL
|
| 082 |
0 |
0 |
|a 515/.15
|2 20
|
| 100 |
1 |
|
|a Thomas, George B.
|q (George Brinton),
|d 1914-2006.
|
| 245 |
1 |
0 |
|a Calculus and analytic geometry /
|c George B. Thomas, Jr., Ross L. Finney ; with the collaboration of Maurice D. Weir.
|
| 250 |
|
|
|a 9th ed.
|
| 260 |
|
|
|a Reading, Mass. :
|b Addison-Wesley ;
|a New Delhi :
|b Pearson Education,
|c c1996 [reprinted 2003].
|
| 300 |
|
|
|a 1 v. (various pagings) :
|b ill. (some col.) ;
|c 26 cm.
|
| 504 |
|
|
|a Includes index.
|
| 541 |
1 |
|
|e 00009130
|
| 650 |
0 |
0 |
|a Calculus.
|
| 650 |
0 |
0 |
|a Geometry, Analytic.
|
| 700 |
1 |
|
|a Finney, Ross L.
|
| 700 |
1 |
|
|a Weir, Maurice D.
|
| 852 |
4 |
|
|a Ayesha Abed Library
|j General Shelf
|
| 942 |
0 |
0 |
|0 1
|
| 999 |
|
|
|c 7595
|d 7595
|
| 952 |
|
|
|0 0
|1 0
|2 ddc
|4 0
|6 515_150000000000000_THO_2003
|7 0
|9 8276
|a BRACUL
|b BRACUL
|c GEN
|d 2010-02-17
|l 28
|m 180
|o 515.15 THO
|p 3010009130
|r 2024-03-04
|s 2024-02-01
|t 1
|w 2010-02-17
|y BK
|
| 952 |
|
|
|0 0
|1 0
|2 ddc
|4 0
|6 515_150000000000000_THO_2003
|7 0
|9 8278
|a BRACUL
|b BRACUL
|c GEN
|d 2010-02-17
|l 23
|m 96
|o 515.15 THO
|p 3010009439
|r 2024-04-22
|s 2024-04-22
|t 2
|w 2010-02-17
|y BK
|
| 952 |
|
|
|0 0
|1 0
|2 ddc
|4 0
|6 515_000000000000000__15_THO_2003
|7 0
|9 8279
|a BRACUL
|b BRACUL
|c GEN
|d 2010-02-17
|l 26
|m 150
|o 515.15 THO
|p 3010009131
|r 2026-01-27
|s 2025-07-17
|t 3
|w 2010-02-17
|y BK
|
| 952 |
|
|
|0 0
|1 2
|2 ddc
|4 0
|6 515_150000000000000_THO
|7 0
|9 8280
|a BRACUL
|b BRACUL
|c GEN
|d 2010-02-17
|l 7
|m 45
|o 515.15 THO
|p 3010009132
|q 2017-12-26
|r 2013-05-19
|s 2013-05-19
|t 4
|w 2010-02-17
|y BK
|
| 952 |
|
|
|0 0
|1 0
|2 ddc
|4 0
|6 515_000000000000000__15_THO_2003
|7 0
|9 8281
|a BRACUL
|b BRACUL
|c GEN
|d 2010-02-17
|l 21
|m 118
|o 515.15 THO
|p 3010009440
|r 2024-03-09
|s 2024-02-22
|t 5
|w 2010-02-17
|y BK
|
| 952 |
|
|
|0 0
|1 2
|2 ddc
|4 0
|6 515_150000000000000_THO
|7 0
|9 8282
|a BRACUL
|b BRACUL
|c GEN
|d 2010-02-17
|l 14
|m 108
|o 515.15 THO
|p 3010009441
|q 2017-12-31
|r 2014-09-25
|s 2014-09-25
|t 6
|w 2010-02-17
|y BK
|
| 952 |
|
|
|0 0
|1 4
|2 ddc
|4 0
|6 515_150000000000000_THO
|7 0
|8 NFIC
|9 10352
|a BRACUL
|b BRACUL
|c GEN
|d 2010-05-19
|l 4
|m 3
|o 515.15 THO
|p 3010009443
|r 2011-12-29
|s 2011-01-13
|t 7
|w 2010-05-19
|y BK
|x Koha Inventory 2020
|